Normal view
MARC view
Entry Topical Term
001 - CONTROL NUMBER
- control field: 3891
003 - CONTROL NUMBER IDENTIFIER
- control field: ARRUPE
005 - DATE AND TIME OF LATEST TRANSACTION
- control field: 20131126133031.0
008 - FIXED-LENGTH DATA ELEMENTS
- fixed length control field: 131126|| aca||aabn | a|a d
040 ## - CATALOGING SOURCE
- Original cataloging agency: ARRUPE
- Transcribing agency: ARRUPE
150 ## - HEADING--TOPICAL TERM
- Topical term or geographic name as entry element: Economic anthropology
- Geographic subdivision: Great Lakes Region (Africa)
670 ## - SOURCE DATA FOUND
- Source citation: Work cat.: (ARRUPE)0: Shipton, Parker MacDonald. 3890, The nature of entrustment :, c2007.